000 00690nam a2200241 i 4500
001 C2-0270040
003 PPAK
005 20180728000525.0
008 060809s2001 at a|||| ||||| | eng d
020 _a1865036080
040 _aPPAK
_beng
_cPPAK
_erda
082 0 4 _a398.21
_223
090 0 0 _a398.21
_bBAR
_dRK
100 1 _aBarber, Shirley,
_eauthor
245 1 0 _aShirley Barber's mermaid princess jigsaw book
264 1 _aVictoria, Australia :
_bThe Five Mile Press ,
_c2001
300 _a[12 pages] :
_bcolour illustrations ;
_c28 cm
336 _2rdacontent
_atext
337 _2rdamedia
_aunmediated
338 _2rdacarrier
_avolume
650 1 0 _aFairy tales
942 _ddc
_cB
999 _c78619
_d78619